[Event "42. Open Ciutat de Badalona 2016 - B"]
[Site "Badalona ESP"]
[Date "2016.08.10"]
[Round "9.3"]
[White "Valarezzo Ricard, Pedro"]
[Black "Fernandez Egea, Andres"]
[Result "0-1"]
[WhiteElo "1839"]
[BlackElo "1885"]
[PlyCount "100"]
[EventDate "2016.08.02"]
[EventType "swiss"]
[EventRounds "9"]
[EventCountry "ESP"]
[SourceTitle "Ajedrez en Madrid"]
[Source "lmi"]
[SourceDate "2016.08.02"]
[SourceVersion "1"]
[SourceVersionDate "2018.07.18"]
[SourceQuality "1"]

1. d4 Nf6 2. Nf3 e6 3. Bg5 Be7 4. h3 b6 5. Nbd2 Bb7 6. e3 d6 7. Bd3 Nbd7 8. Qe2
a5 9. e4 h6 10. Be3 c5 11. c3 c4 12. Bxc4 Nxe4 13. Nxe4 Bxe4 14. O-O O-O 15.
Nd2 Bb7 16. Bd3 Nf6 17. Bf4 Qd7 18. Bh2 Rfc8 19. f4 Nd5 20. f5 Bg5 21. fxe6
fxe6 22. Qe4 Nf6 23. Qg6 Qf7 24. Rxf6 Be3+ 25. Kh1 Qxf6 26. Qh7+ Kf7 27. Rf1
Bf2 28. Bg3 Rh8 29. Qg6+ Qxg6 30. Rxf2+ Qf6 31. Rxf6+ gxf6 32. Bxd6 Rhg8 33.
Bf1 b5 34. Kh2 Bd5 35. a3 Ra6 36. Bf4 h5 37. Bxb5 Rxg2+ 38. Kh1 Rxd2+ 39. Kg1
Rd1+ 40. Kf2 Rb6 41. a4 Rb1 42. c4 Rxb2+ 43. Kg3 R6xb5 44. cxb5 Ra2 45. Kh4 Kg6
46. Bc7 Rxa4 47. Bb6 e5 48. Kg3 exd4 49. Bc7 d3 50. Kf2 Ra2+ 0-1

[Event "42. Open Ciutat de Badalona 2016 - B"]
[Site "Badalona ESP"]
[Date "2016.08.10"]
[Round "9.4"]
[White "Lozano Ruiz, David"]
[Black "Rios Torondell, Jaume"]
[Result "1-0"]
[WhiteElo "1834"]
[BlackElo "1876"]
[PlyCount "101"]
[EventDate "2016.08.02"]
[EventType "swiss"]
[EventRounds "9"]
[EventCountry "ESP"]
[SourceTitle "Ajedrez en Madrid"]
[Source "lmi"]
[SourceDate "2016.08.02"]
[SourceVersion "1"]
[SourceVersionDate "2018.07.18"]
[SourceQuality "1"]

1. c4 e5 2. Nc3 Nf6 3. g3 d5 4. cxd5 Nxd5 5. Bg2 Be6 6. Nf3 f6 7. O-O Qd7 8. d3
Nc6 9. Bd2 O-O-O 10. Nxd5 Bxd5 11. a3 g5 12. Qa4 Kb8 13. Be3 Nd4 14. Qd1 g4 15.
Nxd4 Bxg2 16. Kxg2 exd4 17. Bf4 h5 18. Rc1 Bd6 19. Qd2 h4 20. Bxd6 Qxd6 21. Qf4
Qxf4 22. gxf4 Rhe8 23. Rc2 Rd7 24. h3 f5 25. Re1 Rde7 26. Rc5 Rxe2 27. Rxe2
Rxe2 28. Rxf5 gxh3+ 29. Kxh3 b6 30. Rd5 Rxb2 31. Rxd4 Rxf2 32. Kxh4 a5 33. Kg3
Ra2 34. f5 Re2 35. Rd8+ Kb7 36. f6 Re3+ 37. Kg4 Re1 38. f7 Rg1+ 39. Kh3 Rf1 40.
f8=Q Rxf8 41. Rxf8 b5 42. Rf6 c5 43. Kg3 a4 44. Kf3 b4 45. Ke4 bxa3 46. Kd5 a2
47. Rf1 Kb6 48. Ra1 Kb5 49. Rxa2 Kb4 50. Rxa4+ Kxa4 51. Kxc5 1-0

[Event "42. Open Ciutat de Badalona 2016 - B"]
[Site "Badalona ESP"]
[Date "2016.08.10"]
[Round "9.5"]
[White "Daimiel Bescos, Eleuterio"]
[Black "Gonzalez Cominelli, Alejo Gabr"]
[Result "1/2-1/2"]
[WhiteElo "1927"]
[BlackElo "1858"]
[PlyCount "46"]
[EventDate "2016.08.02"]
[EventType "swiss"]
[EventRounds "9"]
[EventCountry "ESP"]
[SourceTitle "Ajedrez en Madrid"]
[Source "lmi"]
[SourceDate "2016.08.02"]
[SourceVersion "1"]
[SourceVersionDate "2018.07.18"]
[SourceQuality "1"]

1. e4 c6 2. d4 d5 3. e5 Bf5 4. Nf3 e6 5. Be2 c5 6. O-O Nd7 7. c3 Ne7 8. Na3 a6
9. Nc2 Nc6 10. a3 Qb6 11. Ne3 Bg6 12. b4 c4 13. Nh4 Be7 14. Nxg6 hxg6 15. a4 f6
16. f4 f5 17. Bd2 Kf7 18. Bf3 Nxd4 19. cxd4 Qxd4 20. Kh1 Qxf4 21. Ng4 Qd4 22.
Qc2 Rh4 23. Bc3 Qb6 1/2-1/2

[Event "42. Open Ciutat de Badalona 2016 - B"]
[Site "Badalona ESP"]
[Date "2016.08.10"]
[Round "9.6"]
[White "Flores Linan, Jose Luis"]
[Black "Casset Bello, Elena"]
[Result "1-0"]
[WhiteElo "1824"]
[BlackElo "1926"]
[PlyCount "87"]
[EventDate "2016.08.02"]
[EventType "swiss"]
[EventRounds "9"]
[EventCountry "ESP"]
[SourceTitle "Ajedrez en Madrid"]
[Source "lmi"]
[SourceDate "2016.08.02"]
[SourceVersion "1"]
[SourceVersionDate "2018.07.18"]
[SourceQuality "1"]

1. d4 d5 2. c4 e6 3. Nf3 Nf6 4. Bg5 Be7 5. e3 h6 6. Bh4 O-O 7. Nc3 b6 8. cxd5
Nxd5 9. Nxd5 exd5 10. Bg3 Bb4+ 11. Nd2 c5 12. a3 Ba5 13. Bb5 a6 14. Be2 c4 15.
O-O b5 16. Bf3 Be6 17. Nb1 Nc6 18. Nc3 Rc8 19. Qc2 Bc7 20. Rad1 Bxg3 21. hxg3
Ne7 22. Ne2 Rb8 23. b4 a5 24. Qb2 axb4 25. Qxb4 Nc6 26. Qc5 Na5 27. Nc3 Nb3 28.
Qb4 Qd7 29. Rfe1 f5 30. Re2 Rb7 31. Rb1 Ra8 32. Reb2 Kh7 33. Bd1 Na5 34. Nxb5
Nc6 35. Qc3 Na7 36. a4 Nxb5 37. Rxb5 Rxb5 38. Rxb5 Qc6 39. Bc2 Kh8 40. Qb4 Qc7
41. Rb7 Qc6 42. Qe7 Rg8 43. g4 fxg4 44. Kh2 1-0

[Event "42. Open Ciutat de Badalona 2016 - B"]
[Site "Badalona ESP"]
[Date "2016.08.10"]
[Round "9.7"]
[White "Delgado Camara, Lluis Felix"]
[Black "Palacios Pena, Gerardo"]
[Result "0-1"]
[WhiteElo "1792"]
[BlackElo "1900"]
[PlyCount "120"]
[EventDate "2016.08.02"]
[EventType "swiss"]
[EventRounds "9"]
[EventCountry "ESP"]
[SourceTitle "Ajedrez en Madrid"]
[Source "lmi"]
[SourceDate "2016.08.02"]
[SourceVersion "1"]
[SourceVersionDate "2018.07.18"]
[SourceQuality "1"]

1. e4 c6 2. d4 d5 3. f3 Qb6 4. Nc3 e6 5. a3 Nf6 6. Be3 Nbd7 7. Bd3 c5 8. dxc5
Bxc5 9. Bxc5 Qxc5 10. Qd2 O-O 11. h4 Ne5 12. O-O-O Nxd3+ 13. Qxd3 dxe4 14. fxe4
e5 15. Nf3 Bg4 16. Qd2 h6 17. Qe2 a6 18. Nd5 Nxd5 19. Rxd5 Qc7 20. Qd2 f6 21.
Rd1 Rac8 22. Qd3 Qc4 23. b3 Qc7 24. Rd2 Qb6 25. Kb2 Rc6 26. Nh2 Be6 27. Rd6 h5
28. Nf1 Rxd6 29. Qxd6 Qxd6 30. Rxd6 Kf7 31. Ne3 Rc8 32. a4 Rc7 33. a5 Rd7 34.
Nc4 Ke7 35. Rxd7+ Kxd7 36. Nb6+ Kc6 37. c4 Bg4 38. Nd5 Kd6 39. Kc3 Be2 40. Ne3
g6 41. b4 Ke6 42. Kd2 Bg4 43. b5 Kd6 44. bxa6 bxa6 45. Kc3 Be6 46. Kb4 f5 47.
c5+ Kc6 48. exf5 gxf5 49. Nc4 Bxc4 50. Kxc4 f4 51. Kd3 Kxc5 52. Ke4 Kd6 53. Kf5
Kd5 54. Kg5 Ke4 55. Kxh5 Kf5 56. Kh6 e4 57. h5 e3 58. Kg7 e2 59. h6 e1=Q 60. h7
Qxa5 0-1

[Event "42. Open Ciutat de Badalona 2016 - B"]
[Site "Badalona ESP"]
[Date "2016.08.10"]
[Round "9.9"]
[White "Al Azmi, Khalaf"]
[Black "Ros Montes, Daniel"]
[Result "1-0"]
[WhiteElo "1748"]
[BlackElo "1885"]
[PlyCount "103"]
[EventDate "2016.08.02"]
[EventType "swiss"]
[EventRounds "9"]
[EventCountry "ESP"]
[SourceTitle "Ajedrez en Madrid"]
[Source "lmi"]
[SourceDate "2016.08.02"]
[SourceVersion "1"]
[SourceVersionDate "2018.07.18"]
[SourceQuality "1"]

1. e4 e6 2. b3 d5 3. Bb2 dxe4 4. Nc3 Nf6 5. Qe2 Bb4 6. O-O-O Qe7 7. Nxe4 Nbd7
8. Kb1 O-O 9. Nf3 a5 10. Nd4 Rd8 11. g4 Nxe4 12. Qxe4 Nf6 13. Qf3 e5 14. Nf5
Bxf5 15. Qxf5 Bxd2 16. g5 Ne8 17. Bd3 g6 18. Qxe5 Qxe5 19. Bxe5 Bxg5 20. h4 Bf6
21. Bg3 h5 22. f4 Nd6 23. Bf2 a4 24. Rdg1 axb3 25. cxb3 Ra5 26. Rd1 Rda8 27. a4
b5 28. Be1 R5a7 29. Bf2 Rb7 30. Bc5 bxa4 31. b4 a3 32. Ka2 Nb5 33. Bxb5 Rxb5
34. Rd7 Rbb8 35. f5 Re8 36. Rh2 Re1 37. fxg6 Ra1+ 38. Kb3 Rb1+ 39. Kc4 Rb2 40.
gxf7+ Kh8 41. Rxb2 axb2 42. Rd1 Kg7 43. f8=Q+ Rxf8 44. Bxf8+ Kxf8 45. Kb3 Ke7
46. Kc2 Ke6 47. b5 Be5 48. Rg1 Bf6 49. Rg6 Ke7 50. Rh6 Bxh4 51. Kxb2 Bf6+ 52.
Kb3 1-0

[Event "42. Open Ciutat de Badalona 2016 - B"]
[Site "Badalona ESP"]
[Date "2016.08.10"]
[Round "9.10"]
[White "Devos, Herve"]
[Black "Colome Rovira, Oscar"]
[Result "1/2-1/2"]
[WhiteElo "1885"]
[BlackElo "1845"]
[PlyCount "101"]
[EventDate "2016.08.02"]
[EventType "swiss"]
[EventRounds "9"]
[EventCountry "ESP"]
[SourceTitle "Ajedrez en Madrid"]
[Source "lmi"]
[SourceDate "2016.08.02"]
[SourceVersion "1"]
[SourceVersionDate "2018.07.18"]
[SourceQuality "1"]

1. e4 d5 2. exd5 Qxd5 3. Nc3 Qa5 4. d4 Nf6 5. Nf3 Bf5 6. Bc4 e6 7. Bd2 c6 8.
Nd5 Qd8 9. Nxf6+ Qxf6 10. Bb3 Nd7 11. Qe2 Nb6 12. O-O-O h6 13. h4 a5 14. c3 a4
15. Bc2 a3 16. b3 Bxc2 17. Kxc2 Bd6 18. g3 c5 19. dxc5 Qf5+ 20. Qd3 Qxd3+ 21.
Kxd3 Bxc5 22. Be3 O-O-O+ 23. Kc2 Bxe3 24. Rxd8+ Rxd8 25. fxe3 Nd5 26. Re1 b5
27. e4 Ne7 28. b4 Kb7 29. Nd2 Nc8 30. Nb1 Nb6 31. Nxa3 Ra8 32. Nxb5 Rxa2+ 33.
Kb3 Rg2 34. Re3 Kc6 35. Nd4+ Kb7 36. b5 Rb2+ 37. Kxb2 Nc4+ 38. Kb3 Nxe3 39. Kb4
Nf1 40. Ne2 e5 41. Kc5 Nd2 42. Kd5 Kb6 43. c4 f6 44. Nc3 Nf1 45. c5+ Kc7 46.
b6+ Kb7 47. Kd6 Ne3 48. Kd7 Nc4 49. c6+ Kxb6 50. c7 Kc5 51. Nd5 1/2-1/2